| 000 | 01175nam a22002537a 4500 | ||
|---|---|---|---|
| 003 | OSt | ||
| 005 | 20250702091459.0 | ||
| 008 | 200211s2016 ck ||||gr|||| 00| p spa d | ||
| 020 | _a9789587724417 | ||
| 040 |
_aCO-JMCR _cCO-JMCR |
||
| 041 | 0 | _aspa | |
| 082 |
_aA-P _bPINa |
||
| 100 | 1 |
_aPinzón Warlosten, Nicolás, _eautor _9372 |
|
| 245 | 1 | 0 |
_aAntología poética / _cNicolás Pinzón Warlosten y Santiago Pérez |
| 250 | _aPrimera edición | ||
| 260 |
_aBogotá ; _bUniversidad Externado de Colombia, _c2016 |
||
| 300 |
_a69 páginas ; _c15 cm. |
||
| 490 | 0 |
_aUn libro por centavos ; _vN°.120 |
|
| 500 | _aIncluye datos biográficos de los autores. | ||
| 505 | 0 | _aA Nariño -- Sueños de la media noche -- Epílogo -- En la muerte de gambetta -- Atlas -- Damaetas -- Ante la imagen de cristo aplastando la serpiente -- La última esperanza -- La religión verdadera -- La flor deshojada -- Suspiros -- My soul is dark -- La rosa marchita -- La última plegaria -- La recompensa -- Cadena -- Educación y ley -- Deber patrio -- El hogar -- La noche en el mar | |
| 650 | 1 | 4 |
_aPoesía colombiana _9373 |
| 700 | 1 |
_aPérez, Santiago, _eautor _9374 |
|
| 942 |
_2ddc _cBK |
||
| 999 |
_c6475 _d6475 |
||